000 00705nam a22002297a 4500
001 2272
005 20231114122350.0
020 _a078073165377
040 _aFISKH
_beng
_cFISKH
_dFISKH
082 _a371
100 _aFeldman, Heather
245 _aThe nicest newt /
_cAlphatales Nn BY HEATHER FELDMAN ILLUSRATED BY PAUL HARVEY
260 _aNew York :
_bScholastic,
_c2001
300 _a16 pages :
_c25 cm
490 _3Alphatales
505 _aF
520 _aLearning the ABCs is loads of fun with this totally charming collection of alliterative stories. Alpha Tales.
521 _a300
_bLexile estimate
521 _aF
_bRaz-Plus
700 _aHarvey, Paul
_eillustrator
942 _2ddc
_cBK
_n0
999 _c2272
_d2272